000 00291nam a22001217a 4500
008 241117b |||||||| |||| 00| 0 eng d
020 _a9780077291204
_qpbk
041 _aeng
082 _a658.15
_bBRE
100 _aWill Matthew
245 _aFundamentals of corporate Finance
942 _cBK
999 _c565850
_d565850